000
00282nam a22001217a 4500
008
180111b xxu||||| |||| 00| 0 eng d
041
_a
eng
080
_2
3 ED
_a
541
100
_a
12
101
_a
KIM
245
_a
STUDY GUIDE ORGANIC CHEMISTRY
_c
MORRISON.R.T
942
_2
udc
_c
BK
999
_c
40153
_d
40153